000 00686nam a2200253Ia 4500
003 OSt
005 20221006144915.0
006 a|||||r|||| 00| 0
007 ta
008 221006b |||||||| |||| 00| 0 eng d
020 _a1557502145
_c1427.50
024 _a13,149
037 _cTextual
040 _aEASL
_cEASL
_beng
041 _2eng
_aeng
082 _aV41:594.N93, N4
100 _aEFTIMIADES Nicholas
_9627776
245 0 _aChinese intelligence operations
260 _aAnnapolis
_bNaval Institute Press
_c1994
300 _a169p.
_ccm.
490 _v CEL
942 _hV41:594.N93, N4
_cTEXL
_2CC
999 _c1081235
_d1081235